01560cam a2200409Ii 4500999001700000006001900017007000300036008004100039020003400080020003400114020003400148020001600182020001500198082001800213245004700231260004200278300004100320490003400361500004800395504006900443505019500512650001300707650001400720650001800734650003100752650002400783650003000807650003000837700002800867700003600895700002300931700002500954776005300979830003501032856007501067942000801142 c27220d27220a|||||r|||| 00| 0 ta180706r20162011enkab ob 001 0 eng d a9781315589039q(e-book : PDF) a9781317115229q(e-book: Mobi) a9781317115236q(e-book: ePub) q(paperback) q(hardback)04a387.544bI61100aIntegrating seaports and trade corridors / aLondon bTaylor & Francis Groupc2010 a1 online resource (xviii, 292 pages)1 aTransport and mobility series aFirst published 2011 by Ashgate Publishing. aIncludes bibliographical references (pages [261]-284) and index.0 apt. I. Global economic change : implications for ports, corridors and value chains -- pt. II. Measuring and improving gateway and corridor performance -- pt. III. International case studies. 0aHarbors. 0aShipping. 0aTrade routes. 0aInfrastructure (Economics) 0aBusiness logistics. 0aTransportationxPlanning. 0aTransportation geography.1 aComtois, Claude,d1954-1 aHall, P. V.q(Peter V.),d1968-1 aMcCalla, Robert J.1 aSlack, Brian,d1939-08iPrint version: z9781409404002w(DLC) 2010028233 0aTransport and mobility series.40uhttps://www.taylorfrancis.com/books/9781315589039zClick here to view. cEBK